| 000 | 00353nam a2200109Ia 4500 | ||
|---|---|---|---|
| 008 | 200302s9999 xx 000 0 und d | ||
| 100 | _aBrodley Horn ed | ||
| 245 | _aCity works/4 the city college by new york bernard and anne spitzer school of architectre/ student work 2009-2010 | ||
| 260 | _bOscer Rieraojeda Publishers | ||
| 260 | _c2010 | ||
| 300 | _a189 | ||
| 999 |
_c7336 _d7336 |
||